000 00557nam a2200181Ia 4500
008 090124s9999 xx 000 0 und d
082 _b20383
_a1310
100 _aजाआील ना. ज.
245 _a शेक्सपिअर गाढव आहे
250 _a1
260 _c1974
300 _a109
600 _aजाआील ना. ज.
630 _a शेक्सपिअर गाढव आहे
700 _aजाआील ना. ज.
730 _a शेक्सपिअर गाढव आहे
942 _cBOOK
999 _c134189
_d134189